000 00552cam a22001577a 4500
008 180718b1997 xxu||||| |||| 00| 0 eng d
082 _aAPPPA 96-97 JAI/S
100 _aJain, Arun Kumar
245 _aCapital markets-post liberalisation period: depressed markets and the regulatory agencies
_cby Arun Kumar Jain
260 _aNew Delhi
_bIndian Institute of Public Administration
_c1997
300 _a92p.
500 _aAn APPPA M.Phil dissertation, 1996-97
650 _aAPPPA
650 _aLiberalization - India
650 _aCapital market - India
999 _c482110
_d482110